| 000 | 00748nam a2200229 4500 | ||
|---|---|---|---|
| 003 | OSt | ||
| 005 | 20240619083442.0 | ||
| 006 | a | ||
| 008 | 240619b |||||||| |||| 00| 0 eng d | ||
| 040 |
_aDWCL-Main lib. _cOC |
||
| 082 |
_2ALA edition _aCirc. 025.32 OL48i 2010 |
||
| 100 | _aOliver, Christine Tomaszuk | ||
| 245 | _aIntroducing RDA : a guide to the basics / | ||
| 250 | _aALA edition | ||
| 260 |
_aChicago : _bAmerican Library Asso., _cc2010. |
||
| 300 |
_avii, _b117 p. ; _c28 cm. |
||
| 504 | _aIncludes bibliographical references & index. | ||
| 650 | _a1. Resource description and access. | ||
| 650 | _a2. Descriptive cataloging–Standards. | ||
| 650 | _a3. Cataloging–Standards. | ||
| 942 |
_2ddc _n0 _cBK-CIRC _eALA edition _kCirc. |
||
| 999 |
_c923 _d923 |
||